Normal view
MARC view
- Ahmad, Tahir
Entry Personal Name
001 - CONTROL NUMBER
- control field: 18827
003 - CONTROL NUMBER IDENTIFIER
- control field: NUST
005 - DATE AND TIME OF LATEST TRANSACTION
- control field: 20190729112947.0
008 - FIXED-LENGTH DATA ELEMENTS
- fixed length control field: 190729|| aca||aabn | a|a d
040 ## - CATALOGING SOURCE
- Original cataloging agency: NUST
- Transcribing agency: NUST
100 ## - HEADING--PERSONAL NAME
- Personal name: Ahmad, Tahir
670 ## - SOURCE DATA FOUND
- Source citation: Work cat.: (NUST): Ahmad, Tahir, Randomness Testing of Non-Cryptographic Hash Functions for Real-time URL Based Internet Filtering Applications /, 2013.
